Vzťah medzi ekonomickým rastom a zamestnanosťou v SR bakalárska práca

Salvato in:
Dettagli Bibliografici
Autore principale: Valter, Patrik
Ente Autore: Národohospodárska fakulta EU. Katedra hospodárskej politiky
Altri autori: Hudcovský, Martin, 1988-
Natura: Libro
Lingua:slovacco
Pubblicazione: Bratislava 2018
Tags: Aggiungi Tag
Nessun Tag, puoi essere il primo ad aggiungerne!!

MARC

LEADER 00000nbm a2200000 4500
001 0245883
005 20181214132835.5
041 0 |a slo 
044 |a SK 
245 1 0 |a Vzťah medzi ekonomickým rastom a zamestnanosťou v SR  |b bakalárska práca  |c Patrik Valter ; školiteľ: Martin Hudcovský 
264 1 |a Bratislava  |c 2018 
300 |a 56 s. 
100 1 |a Valter, Patrik 
700 1 |a Hudcovský, Martin, 1988- 
710 2 |a Národohospodárska fakulta EU. Katedra hospodárskej politiky